Only You, siempre allí (Record no. 833)

MARC details
000 -LEADER
campo de control de longitud fija 00979nam a22001817a 4500
008 - DATOS DE LONGITUD FIJA--INFORMACIÓN GENERAL
campo de control de longitud fija 160125b xxu||||| |||| 00| 0 eng d
082 ## - NÚMERO DE LA CLASIFICACIÓN DECIMAL DEWEY
Número de clasificación 708
Número de ítem C238o
100 ## - ENTRADA PRINCIPAL--NOMBRE DE PERSONA
Nombre de persona Capelán, Carlos
9 (RLIN) 4552
245 ## - MENCIÓN DEL TÍTULO
Título Only You, siempre allí
Resto del título + Post Colonial Liberation Army (rematerialización)
Mención de responsabilidad, etc. Carlos Capelán
260 ## - PUBLICACIÓN, DISTRIBUCIÓN, ETC.
Lugar de publicación, distribución, etc. San José:
Nombre del editor, distribuidor, etc. Museo de Arte y Diseño Contemporáneo (MADC)
-- Ministerio de Cultura y Juventud (MCJ)
Fecha de publicación, distribución, etc. [2009]
300 ## - DESCRIPCIÓN FÍSICA
Extensión 57p.
Otras características físicas ill. (col.)
Dimensiones 24 cm.
505 ## - NOTA DE CONTENIDO CON FORMATO
Título Presentación
-- Imágenes del proceso de montaje
-- Imágenes del acto inaugural
-- Only you. Siempre allí: la trascendencia del trayecto. Texto introductorio // Ernesto Calvo / Director MADC
-- Textos de referencia
-- Curriculum del artista
-- Jet-Lag Mambo
600 ## - PUNTO DE ACCESO ADICIONAL DE MATERIA--NOMBRE DE PERSONA
Nombre de persona Capelán, Carlos
Numeración 1948 -
Subdivisión general Exhibiciones
9 (RLIN) 4554
650 ## - PUNTO DE ACCESO ADICIONAL DE MATERIA--TÉRMINO DE MATERIA
Término de materia o nombre geográfico como elemento de entrada Arte Uruguayo
Subdivisión general Exposiciones
9 (RLIN) 4555
650 ## - PUNTO DE ACCESO ADICIONAL DE MATERIA--TÉRMINO DE MATERIA
Término de materia o nombre geográfico como elemento de entrada Arte Conceptual
Subdivisión general Exhibiciones
9 (RLIN) 3575
650 ## - PUNTO DE ACCESO ADICIONAL DE MATERIA--TÉRMINO DE MATERIA
Término de materia o nombre geográfico como elemento de entrada Museo de Arte y Diseño Contemporáneo
Subdivisión cronológica 2006
9 (RLIN) 4556
700 ## - ENTRADA AGREGADA--NOMBRE PERSONAL
Nombre de persona Calvo, Ernesto
9 (RLIN) 4553
Holdings
Estatus retirado Estado de pérdida Fuente del sistema de clasificación o colocación Estado de daño No para préstamo Biblioteca de origen Biblioteca actual Ubicación en estantería Fecha de adquisición Total de préstamos Signatura topográfica completa Código de barras Visto por última vez Precio de reemplazo Tipo de ítem Koha
    Clasificación Decimal Dewey     Biblioteca LadoV Biblioteca LadoV   25/01/2016   708 C238o 000679 25/01/2016 25/01/2016 Material 01